LEADER 00565naa a2200133 i 4500 001 000000305683 003 CaOOAMICUS 005 20180831172842.0 008 180831n it u000 u ita u 013 $a13923 040 $aSeMil$bita 245 10$aBibliografia su Concordia cristiana. 773 0 $aZovatto, Pietro$tOrigini del cristianesimo a Concordia.$dUdine : Tipografia Arti Grafiche Friulane, 1975.$kPubblicazioni del Centro studi storico-religiosi del Friuli-Venezia Giulia$gp.85-93$w()46350 996 $6245$aBibliografia su Concordia cristiana.$9(OLS)http://semarc/title/381300 LEADER 00757nam a2200205 i 4500 001 000000186696 003 CaOOAMICUS 005 20100303000000.0 008 100303s1936 fr u000 u fre u 013 $a164750 040 $aSeMil$bita 100 1 $aSoubigou, Louis.$0(OLS)http://semarc/name/994 245 10$aMoïse et nous /$cLouis Soubigou. 260 $aParigi :$bP. Lethielleux,$c1936. 300 $a233 p. :$bill. ;$c19 cm. 600 04$aMosè .$0(OLS)http://semarc/subject/4772 850 $aSeMil 852 $aSeMil$W1$xVenegono$y1$m2V VII 42$j269367$B137383$CSeMilBibl$Z2$F148892 $81 996 $6245$aMoïse et nous$9(OLS)http://semarc/title/268462 996 $6260$aParigi :$bP. Lethielleux$9(OLS)http://semarc/publisher/31980